ბათუმის შოთა რუსთაველის სახელმწიფო უნივერსიტეტის ბიბლიოთეკა

Организация управленческого труда (ბიბ.ჩანაწერი № 37056)

000 -LEADER
fixed length control field 00673nam a2200241Ia 4500
001 - CONTROL NUMBER
control field 3010
003 - CONTROL NUMBER IDENTIFIER
control field GE_BSU
008 - FIXED-LENGTH DATA ELEMENTS--GENERAL INFORMATION
fixed length control field 181216s||||||||xx |||||||||||||| ||und||
020 ## - INTERNATIONAL STANDARD BOOK NUMBER
International Standard Book Number 5862255265
040 ## - CATALOGING SOURCE
Transcribing agency GE_BSU
080 ## - UNIVERSAL DECIMAL CLASSIFICATION NUMBER
Universal Decimal Classification number 331.015.1(075.8)
100 ## - MAIN ENTRY--PERSONAL NAME
Personal name Зубина, Л.Н.
245 ## - TITLE STATEMENT
Title Организация управленческого труда
245 ## - TITLE STATEMENT
Remainder of title Учебное пособие
245 ## - TITLE STATEMENT
Statement of responsibility, etc. ред. К.Д. Павлова
260 ## - PUBLICATION, DISTRIBUTION, ETC.
Place of publication, distribution, etc. Москва
260 ## - PUBLICATION, DISTRIBUTION, ETC.
Name of publisher, distributor, etc. ИНФРА-М
260 ## - PUBLICATION, DISTRIBUTION, ETC.
Date of publication, distribution, etc. 1997
300 ## - PHYSICAL DESCRIPTION
Extent 256 с. 20 см.
653 ## - INDEX TERM--UNCONTROLLED
Uncontrolled term Организация управленческого труда
942 ## - ADDED ENTRY ELEMENTS (KOHA)
Koha item type წიგნი
ეგზემპლარები
Withdrawn status Lost status Damaged status Not for loan Date acquired Barcode Date last seen Price effective from Koha item type Public note
        2018-12-17 7916 2018-12-17 2018-12-17 წიგნი დარბაზი
        2018-12-17 7917 2018-12-17 2018-12-17 წიგნი დარბაზი
        2018-12-17 8158 2018-12-17 2018-12-17 წიგნი დარბაზი
        2018-12-17 8159 2018-12-17 2018-12-17 წიგნი დარბაზი
        2018-12-17 8160 2018-12-17 2018-12-17 წიგნი დარბაზი